CULTURA GENERAL A-Z (Español) #1 - Estadísticas

Estadísticas generales
  • Esta prueba ha sido intentada 342 veces
    269 desde el último reinicio
  • La puntuación promedio es 19 de 26
Estadísticas de respuestas
Letra Pista Respuesta % Correcto
N Palabra contraria o opuesta a "día". Noche
96%
O Decimo mes del año, situado en el Otoño y es cuando se celebra Halloween. Octubre
96%
S Objeto de uso cuotidiano usado para sentar-se. Silla
95%
P País que limita con España y con el Océano Atlántico. Portugal
94%
U Animal ficticio que se asemeja a un caballo pero con un cuerno en la cabeza. Unicornio
94%
Y Parte del huevo amarillenta o anaranjada que se encuentra rodeada por la clara. Yema
94%
D Palabra que recibe el conjunto de diez años. Década
93%
V Instrumento de cuerda frotada, hecho de madera con cuerdas hechas con pelo de caballo que se toca apoyando-lo en la barbilla y el hombro del músico. Violín
92%
X Fobia a lo extranjero o a los extranjeros. Xenofobia
91%
R Palabra con la que se denomina al conjunto de variedades de perros. Razas
89%
C Nombre con el que se conoce a los fans del "Futbol Club Barcelona". Culé
86%
B Capital del Suiza. Berna
82%
E Animal mamífero con muchas espinas en su espalda. Habita en bosques y se alimenta de gusanos i otros invertebrados. Erizo
81%
K Mineral de color verde que debilita a los poderes de Superman. Kryptonita
81%
H Dios Mitológico que, según la mitología griega, era hermano de Zeus i rey del Inframundo. Hades
78%
Z Mineral precioso habitualmente de color azul, aunque se puede encontrar de otros colores menos frequentes. Zafiro
74%
F Nombre de uno de los 50 estados de los Estados Unidos de América, que además coincide con uno de los Barrios de una ciudad Española; "l'Hospitalet de Llobregat". Florida
72%
L Dios mitológico Nórdico del Engaño i la Mentira, que según Marvel era hermano de Thor, aunque realmente no lo era. Loki
71%
T Especie de pescado de agua dulce similar a un salmón y muy apreciado por los pescadores. Trucha
65%
J Nombre que recibían unos artistas ambulantes de la Edad Media. Juglar
61%
W Elemento de la tabla periódica que posee dos nombres, uno de ellos es Tungsteno. Wolframio
57%
G Unidad de mesura del volumen usada principalmente en estados unidos. Equivale a 3,78541 Litros. Galon
55%
I Elemento de la tabla periódica cuyo número atómico es el 53. Iodo
54%
A Familia de Invertebrados muy abundantes que se caracterizan por contener la mayoría de familias (insectos, arácnidos, miriápodos...). Artrópodos
48%
Q Divinidad de varias mitologías Prehispánicas de Mesoamérica, que se conocia como la Serpeinte Emplumada. Quetzalcóatl
22%
M Ave rapaz que se puede encontrar en España y que presenta dos variedades (Milvus Milvus i Milvus Migrans). Milano
21%
No se encontraron pruebas coincidentes
Distribución de puntuación
Porcentaje de gente con cada puntuación
Porcentaje por número respondido
Historial de tus puntuaciones
No has intentado esta prueba desde el último reinicio